|
|
|
|
| LEADER |
00622nam a22001937a 4500 |
| 008 |
140827b ii||||| |||| 00| 0 hin d |
| 999 |
|
|
|c 247713
|d 247713
|
| 020 |
|
|
|c INR 250
|
| 082 |
|
|
|a S 31
|
| 100 |
|
|
|a Namvar Singh
|
| 245 |
|
|
|a Kavita ki zameen aur zameen ki kavita/
|c Namvar Singh
|
| 260 |
|
|
|a New Delhi:
|b Rajkamal,
|c C 2011.
|
| 300 |
|
|
|a 227p.:
|
| 546 |
|
|
|a In Hindi.
|
| 650 |
|
|
|a poetry -criticism
|
| 653 |
|
|
|a Kavita -aalochana
|
| 700 |
|
|
|a Edited by Ashish Tripati
|
| 942 |
|
|
|c BK
|
| 952 |
|
|
|0 0
|1 0
|4 0
|6 S_31_000000000000000
|7 0
|9 275049
|a HIN
|b HIN
|c ST1
|d 2017-07-22
|g 250.00
|i 23809
|l 0
|o S 31
|p HIN23809
|r 2017-07-22
|w 2017-07-22
|y BK
|